01484cam a2200337 a 4500001001400000003000800014005001700022006001900039007001500058008004100073020003800114040003000152049002600182050001000208082001400218100003500232245012200267260002800389300005400417520033100471521001700802588004700819504005100866651002000917655002900937710001600966776003500982856009401017942001601111999001901127EDZ0000082913StDuBDS20161031105209.0m||||||||d||||||||cr |||||||||||120427s2010 enka fo| 001|0|eng|d a9781446251621 (ebook) :cNo price aStDuBDSbengcStDuBDSepn aAlfaisal Main Library 4aQE51104a551.32231 aGregory, K. J.q(Kenneth John)14aThe Earth's land surfaceh[electronic resource] :blandforms and processes in geomorphology /cby Kenneth J. Gregory. aLondon :bSAGE,cc2010. a1 online resource (x, 348 p.) :bill. (some col.)8 aThis text details the land surface of the Earth and covers the major issues, key themes and sensitivities of the environments/landscape. Emphasising the major ideas and their development, each chapter includes case studies and details of influential scientists who have contributed to the progress of understanding this field. aSpecialized. aDescription based on print version record. aIncludes bibliographical references and index. 0aEarthxSurface. 7aElectronic books.2local2 aSage eBooks08iPrint version :z978184860620340uhttp://ezproxy.alfaisal.edu/login?url=http://sk.sagepub.com/books/the-earths-land-surface 2lcccEBOOKS c481493d481493